Vnímanie luxusu
Pojem „luxus“ - vývoj chápania pojmu luxus a predstavenie niektorých charakteristík trhu s luxusnými tovarmi. Vzťah nákupného správania – kvalita – luxus a vzťah kvalita – luxus, ako vnímanie luxusu vo všeobecnosti.
Na minha lista:
| Autor principal: | |
|---|---|
| Formato: | Capítulo de Livro |
| Idioma: | eslovaco |
| Assuntos: | |
| Tags: |
Sem tags, seja o primeiro a adicionar uma tag!
|
MARC
| LEADER | 00000nla a2200000 4500 | ||
|---|---|---|---|
| 001 | 0226590 | ||
| 005 | 20240502073729.9 | ||
| 041 | 0 | |a slo | |
| 044 | |a SK | ||
| 245 | 1 | 0 | |a Vnímanie luxusu |c Jozef Gajdoš |
| 520 | |a Pojem „luxus“ - vývoj chápania pojmu luxus a predstavenie niektorých charakteristík trhu s luxusnými tovarmi. Vzťah nákupného správania – kvalita – luxus a vzťah kvalita – luxus, ako vnímanie luxusu vo všeobecnosti. | ||
| 610 | 2 | 0 | |a blahobyt |
| 610 | 2 | 0 | |a bohatstvo |
| 610 | 2 | 0 | |a tovar značkový |
| 610 | 2 | 0 | |a kvalita tovaru |
| 610 | 2 | 0 | |a rozhodovanie nákupné |
| 610 | 2 | 0 | |a správanie spotrebiteľa |
| 610 | 2 | 0 | |a ceny predajné |
| 100 | 1 | |a Gajdoš, Jozef, 1962-2025 | |